Länder, die mit ZWEI Vokalen enden - Statistiken

Allgemein
  • Dieses Quiz wurde 1.456 mal gespielt
    1.455 seit der letzten Aktualisierung
  • Das Durchschnittsergebnis liegt bei 20 aus 26
Antwortstatistiken
Länder % Korrekt
Afrika G Guinea
91%
Afrika E Eritrea
89%
Afrika Ä Äquatorialguinea
88%
Amerika U Uruguay
84%
Ozeanien P Palau
83%
Afrika G Gambia
81%
Amerika P Paraguay
81%
Afrika T Tansania
80%
Afrika N Namibia
79%
Amerika N Nicaragua
79%
Afrika S Sambia
78%
Afrika G Guinea-Bissau
77%
Afrika K Kenia
77%
Afrika N Nigeria
77%
Ozeanien S Samoa
77%
Ozeanien P Papua-Neuguinea
76%
Europa S Slowakei
76%
Asien B Brunei
74%
Afrika L Liberia
73%
Asien M Malaysia
69%
Asien M Mongolei
68%
Asien N Nordkorea
65%
Afrika S Somalia
65%
Asien S Südkorea
65%
Asien T Türkei
55%
Amerika S St. Lucia
54%
Keine übereinstimmenden Quizze gefunden
Verteilung der Resultate
Anzahl Personen mit jedem Resultat
Perzentil nach korrekt beantworteten Fragen
Ihre Resultats-Entwicklung
Sie haben dieses Quiz seit der letzten Aktualisierung nicht gespielt